Planning Areas of Singapore - Statistics

General Stats
  • This quiz has been taken 72 times
  • The average score is 35 of 55
Answers on the Map
Answers color-coded by a green-red scale on the quiz's map according to % correct below.
 
Answer Stats
Answer % Correct
Changi
93%
Jurong West
90%
Tuas
90%
Jurong East
88%
Punggol
83%
Queenstown
83%
Woodlands
83%
Yishun
80%
Ang Mo Kio
78%
Tampines
78%
Clementi
76%
Pasir Ris
76%
Sembawang
76%
Bishan
73%
Bukit Timah
73%
Toa Payoh
73%
Hougang
71%
Novena
71%
Pioneer
71%
Sengkang
71%
Bedok
68%
Boon Lay
68%
Bukit Merah
66%
Bukit Panjang
66%
Orchard
66%
Paya Lebar
66%
Western Water Catchment
66%
Bukit Batok
63%
Changi Bay
63%
Geylang
63%
Kallang
63%
Central Water Catchment
61%
Serangoon
61%
Western Islands
61%
Choa Chu Kang
59%
Mandai
59%
Marine Parade
59%
Southern Islands
59%
Lim Chu Kang
56%
Seletar
56%
Tengah
56%
Marina South
54%
North-Eastern Islands
54%
Marina East
51%
Newton
49%
River Valley
49%
Downtown Core
46%
Museum
46%
Outram
46%
Sungei Kadut
46%
Singapore River
41%
Tanglin
41%
Straits View
39%
Rochor
37%
Simpang
32%
No matching quizzes found
Score Distribution
Percent of People with Each Score
Percentile by Number Answered
Your Score History
You have not taken this quiz